000 00872nam a22002537a 4500
005 20210325193307.0
008 s2003 eng d
020 _a9228138149
041 _aeng
050 _aRes HD4895 B87G 2003
100 0 _aBusakorn Suriyasarn
245 1 0 _aThe action research gender dimension of skills development in vocational training in Thailand
246 _aมิติหญิงชายในระบบการพัฒนาฝีมือแรงงานในประเทศไทย
260 3 _aBangkok :
_bInternational Labour Office,
_c2003
300 _a151 p. :
_b table ;
_c 30 cm.
650 0 4 _aEducational systems
650 0 4 _aHuman rights
650 0 4 _aSkilled labor -- Thailand
650 0 4 _aTraining
850 _aNALT
942 _cRSH
997 _c000000000039667
998 _aARUNTHIP
999 _c39667
_d39667